Курс аналитической геометрии; Ч. 1; Основные понятия. Определители. Прямая и плоскость. Окружность и поверхность шара. Геометрические места

Podrobná bibliografie
Hlavní autor: Некрасов В. Л. Владимир Леонидович
Korporativní autor: Томский технологический институт (ТТИ)
Shrnutí:Текст в русской дореформенной орфографии
Jazyk:ruština
Vydáno: Томск, Типо-литография Сибирского Т-ва Печатного Дела, 1909
Vydání:2-е изд.
Témata:
Médium: Kniha
KOHA link:https://koha.lib.tpu.ru/cgi-bin/koha/opac-detail.pl?biblionumber=187130

MARC

LEADER 00000nam0a2200000 4500
001 187130
005 20241113151537.0
035 |a (RuTPU)RU\TPU\book\203053 
035 |a RU\TPU\tpu\246 
090 |a 187130 
100 |a 20101111d1909 m y0rusy50 ca 
101 0 |a rus 
102 |a RU 
105 |a a j 000zy 
200 1 |a Курс аналитической геометрии  |h Ч. 1  |i Основные понятия. Определители. Прямая и плоскость. Окружность и поверхность шара. Геометрические места  |f В. Л. Некрасов  |g Томский технологический институт (ТТИ) 
205 |a 2-е изд. 
210 |a Томск  |c Типо-литография Сибирского Т-ва Печатного Дела  |d 1909 
215 |a 286 с.  |c черт. 
300 |a Текст в русской дореформенной орфографии 
606 1 |a Аналитическая геометрия  |2 stltpush  |3 (RuTPU)RU\TPU\subj\28991  |9 52410 
610 1 |a учебные пособия 
610 1 |a труды учёных ТПУ 
610 1 |a геометрия 
610 1 |a Коллекция ТПУ 
675 |a 514.12(075.8)  |v 3 
700 1 |a Некрасов  |b В. Л.  |c математик  |c профессор Томского технологического института  |f 1864-1922  |g Владимир Леонидович  |3 (RuTPU)RU\TPU\pers\10488 
712 0 2 |a Томский технологический институт (ТТИ)  |c (1896-1923)  |3 (RuTPU)RU\TPU\col\9244 
801 0 |a RU  |b 63413507  |c 20011210  |g PSBO 
801 2 |a RU  |b 63413507  |c 20201124  |g PSBO 
942 |c BK